000 00284cam a2200121ua 4500
999 _c4922
_d4922
003 OSt
008 191028b ||||| |||| 00| 0 eng d
082 _a928.94812
_bKES/KC
100 _aHari,Sharma, A C.
_94490
245 _aMahakavi K C Kesavapillai /
300 _a181 ; .
942 _cBK